000 00353nam a2200145Ia 4500
005 20251222175927.0
008 251222s9999||||xx |||||||||||||| ||spa||
020 _a9786123113216
082 _a348.8/S24
100 _aSánchez Zapata, Ronni
245 0 _aIndemnizaciones Laborales:
250 _a1ra.ed.
264 _bGaceta Jurídica
942 _cLIB
999 _c40890
_d40890